000
00244nmm a2200085Ia 4500
008
220120s9999||||xx |||||||||||||||||und||
100
_a
DIGIT-MAR-2007
245
0
_a
Ant movie catalog 3.5.0.2battle ships, PC inspection file re
260
_b
New Delhi
999
_c
138918
_d
138918